00325nam a2200133Ia 4500008004100000041000800041082001900049100001800068245002600086260003700112300000800149365001600157700001800173230718s9999 xx 000 0 und d aeng a621.384'5bRIC aRichardson A. aWCDMA Design Handbook c2005bCambridge University Press a565 cRs.b395.00 aRichardson A.